| 000 | 02434ngm a22003615a 4500 | ||
|---|---|---|---|
| 001 | 1607737 | ||
| 003 | CO-ViMGA | ||
| 005 | 20230915224422.0 | ||
| 007 | vd cvuuru | ||
| 008 | 190306s2015 ck g s vlspa d | ||
| 040 |
_aCO-ViMGA _bspa _cCO-ViMGA |
||
| 041 | 1 |
_aspa _heng _hfre |
|
| 082 | 0 | 4 |
_a791.43 A12t _221 |
| 084 | _aDVD10969 | ||
| 245 | 0 | 3 |
_aLa tierra y la sombra _h[videograbaciones] / _cuna película de Cesar Acevedo. |
| 260 |
_a[Bogotá] : _bCineplex : _bSelecto, _c2015. |
||
| 300 |
_a1 DVD (ca. 97 min.) : _bsonido, color ; _c12 cm. |
||
| 500 | _aDolby Digital 5.1. | ||
| 500 | _aZona 4. | ||
| 505 | 0 | 0 | _aExtras: Detrás de cámaras -- Galeria de fotos -- Trailers. |
| 508 | _aJuan Felipe Rayo, sonido directo ; Producida por Diana Bustamante, Paola Přez Nieto, Jorge Forero. | ||
| 520 | _aLa tierra y la sombra es un retrato intimo del final de un núcleo familiar: una mujer que se niega a renunciar a la tierra por la que lucho t̤oda su vida; un hijo que no puede abandonar a su madre hasta el punto de poner en riesgo su propia existencia; un padre que debe afrontar sus errores del pasado con el fin de recuperar a los seres que abandono;̤ una valiente esposa que lucha por salvar a los suyos; un niño que crece en medio de la devastación. Partiendo del microcosmos constituido por esta familia, una pequeña casa y un árbol rodeados por un absorbente cultivo de caña de azúcar, la película nos muestra los últimos días de estos personajes que intentan reparar los frágiles lazos que los unen ante su inminente desaparición provocada por el poder avasallador del progreso. De alli s̕e desprende una historia cruel pero densamente poblada de metáforas y alegorías sobre la cultura, la fatalidad del progreso y el olvido, la fragilidad de la memoria y la inevitabilidad de la ruptura familiar y la soledad que esta provoca. | ||
| 546 | _aAudio en español con subtitulos en ingles y francés. | ||
| 586 | _aCamřa D'or, Festival de Cannes | ||
| 586 | _aGanadora de 4 premios en el Festival de Cine de Cannes, 2015 | ||
| 650 | 4 |
_aCine colombiano _v Videodiscos digitales. _913857 |
|
| 650 | 4 |
_aFamilia _v Videodiscos digitales. _vDVD _913859 |
|
| 650 | 4 |
_aMujeres _v Videodiscos digitales. _913858 |
|
| 650 | 4 |
_aPadres e hijos _v Videodiscos digitales. _913860 |
|
| 700 | 1 |
_aAcevedo, Cesar Augusto, _d1987-, _edirector. _913861 |
|
| 942 |
_2ddc _cCD |
||
| 949 |
_an _bn |
||
| 999 |
_c11916 _d11916 |
||